Normal view
MARC view
- Operation and Modelling of the MOS Transistor
Entry Topical Term
001 - CONTROL NUMBER
- control field: 127586
003 - CONTROL NUMBER IDENTIFIER
- control field: NUST
005 - DATE AND TIME OF LATEST TRANSACTION
- control field: 20250115104124.0
008 - FIXED-LENGTH DATA ELEMENTS
- fixed length control field: 250115|| aca||aabn | a|a d
040 ## - CATALOGING SOURCE
- Original cataloging agency: NUST
- Transcribing agency: NUST
150 ## - HEADING--TOPICAL TERM
- Topical term or geographic name entry element: Operation and Modelling of the MOS Transistor
670 ## - SOURCE DATA FOUND
- Source citation: Work cat.: (NUST): Yannis P. Tsividis 127585, Operation and Modelling of the MOS Transistor, 1999.
